000 01084nam a2200277 a 4500
001 71065
003 BD-RjUL
005 20211209082056.0
008 170424r19971990ii a|||| |||| 00| 0 ben d
020 _a8173810524
035 _a(BD-RjUL)71279
040 _aBD-RjUL
_bben
_cBD-RjUL
041 _aben
082 _223
_a332
_bMOS 1997
100 _aমুখার্জি, সম্পৎ
_9210262
245 1 0 _aসমকালীন অর্থবিদ্যা /
_cসম্পৎ মুখার্জি এবং দেবেশ মুখার্জি
250 _a৪র্থ সং.
260 _aকলিকাতা :
_bনিউ সেন্ট্রাল আউক এজেন্সি লিমিটেড,
_c১৯৯৭
300 _a১০২৪ পৃ. :
_bচিত্র ;
_c২১ সেমি.
650 _aঅর্থবিদ্যা
_9161625
650 _aবিনিয়োগ
_9144910
650 _aFinance
_9210263
650 _aInvestments
_9210264
700 _aমুখার্জি, দেবেশ
_9210265
942 _2ddc
_cBK
999 _c71065
_d71065